| 000 | 00381 a2200169 4500 | ||
|---|---|---|---|
| 001 | 174175 | ||
| 020 | _a85-262-1720-8 | ||
| 040 | _cMagnum | ||
| 100 | _aAlbergaria, Lino de | ||
| 240 | 1 | 0 |
_aCoração conta diferente _lpor |
| 245 | 1 | 0 | _aCoração conta diferente |
| 300 | _a24 | ||
| 362 | 0 | _a2002 | |
| 440 | 1 | _aScipione | |
| 697 | _aLITERATURA INFANTO-JUVENIL | ||
| 942 | _cBK | ||
| 999 |
_c174175 _d174175 |
||